Komunikační sítě: předávání, přijímání a oběh informací v pozdním středověku a raném novověku : formy a přeměny diplomatické produkce v raném novověku VIII.
Saved in:
| Corporate Author | |
|---|---|
| Other Authors | |
| Format | Book |
| Language | Czech Slovak |
| Published |
Ústí nad Labem :
Filozofická fakulta Univerzity Jana Evangelisty Purkyně v Ústí nad Labem,
2025
|
| Edition | Vydání první |
| Series | Acta Universitatis Purkynianae Facultatis philosophicae. Studia archivistica
|
| Subjects | |
| ISBN | 978-80-7561-515-2 |
| Physical Description | 170 stran : ilustrace, mapy, faksimile ; 23 cm |
| LEADER | 00000aam a2200000 i 4500 | ||
|---|---|---|---|
| 001 | 115535 | ||
| 003 | CZ-ZlUTB | ||
| 005 | 20260429082905.0 | ||
| 007 | ta | ||
| 008 | 251127s2025 xr abh f 000 0 cze | ||
| 015 | |a cnb003722142 | ||
| 020 | |a 978-80-7561-515-2 |q (brožováno) | ||
| 040 | |a ABA001 |b cze |d BOA001 |d ZLD002 |e rda | ||
| 041 | 0 | |a cze |a slo |b eng | |
| 043 | |a e-xr--- |a ec----- | ||
| 045 | |a s-v- | ||
| 072 | 7 | |a 316.4/.7 |x Sociální interakce. Sociální komunikace |2 Konspekt |9 18 | |
| 080 | |a 316.77 |2 MRF | ||
| 080 | |a 002+801.82 |2 MRF | ||
| 080 | |a 005.92 |2 MRF | ||
| 080 | |a (437.3) |2 MRF | ||
| 080 | |a (4-191.2) |2 MRF | ||
| 080 | |a (048.8:082) |2 MRF | ||
| 245 | 0 | 0 | |a Komunikační sítě: předávání, přijímání a oběh informací v pozdním středověku a raném novověku : |b formy a přeměny diplomatické produkce v raném novověku VIII. / |c Václav Zeman (ed.) |
| 246 | 3 | 0 | |a Formy a přeměny diplomatické produkce v raném novověku VIII. |
| 250 | |a Vydání první | ||
| 264 | 1 | |a Ústí nad Labem : |b Filozofická fakulta Univerzity Jana Evangelisty Purkyně v Ústí nad Labem, |c 2025 | |
| 300 | |a 170 stran : |b ilustrace, mapy, faksimile ; |c 23 cm | ||
| 336 | |a text |b txt |2 rdacontent | ||
| 337 | |a bez média |b n |2 rdamedia | ||
| 338 | |a svazek |b nc |2 rdacarrier | ||
| 490 | 1 | |a Acta Universitatis Purkynianae Facultatis philosophicae. Studia archivistica ; |v II | |
| 500 | |a Kolektivní monografie obsahuje vybrané příspěvky z kolokvia | ||
| 500 | |a 150 výtisků | ||
| 504 | |a Obsahuje bibliografii a bibliografické odkazy | ||
| 546 | |a Částečně slovenský text, anglické resumé | ||
| 648 | 7 | |a 15.-18. století |7 ch757037 |2 czenas | |
| 650 | 0 | 7 | |a komunikace (sdělování) |7 ph114956 |z Česko |y 15.-18. století |2 czenas |
| 650 | 0 | 7 | |a komunikace (sdělování) |7 ph114956 |z Evropa střední |y 15.-18. století |2 czenas |
| 650 | 0 | 7 | |a písemné prameny |7 ph115977 |y 15.-18. století |2 czenas |
| 650 | 0 | 7 | |a úřední písemnosti |7 ph128377 |y 15.-18. století |2 czenas |
| 650 | 0 | 9 | |a human communication |z Czechia |y 15th-18th centuries |2 eczenas |
| 650 | 0 | 9 | |a human communication |z Europe, Central |y 15th-18th centuries |2 eczenas |
| 650 | 0 | 9 | |a written sources |y 15th-18th centuries |2 eczenas |
| 650 | 0 | 9 | |a official documents |y 15th-18th centuries |2 eczenas |
| 655 | 7 | |a kolektivní monografie |7 fd501537 |2 czenas | |
| 655 | 9 | |a collective monographs |2 eczenas | |
| 700 | 1 | |a Zeman, Václav |7 xx0116283 |4 edt | |
| 710 | 2 | |a Univerzita J.E. Purkyně v Ústí nad Labem. |b Filozofická fakulta |7 ko2007147994 |4 isb | |
| 711 | 2 | |a Formy a přeměny diplomatické produkce v raném novověku (kolokvium) |n (8. : |d 2024 : |c Ústí nad Labem, Česko) |7 ko20251280962 |4 aut | |
| 830 | 0 | |a Acta Universitatis Purkynianae Facultatis philosophicae. |p Studia archivistica | |
| 910 | |a ZLD002 | ||
| 928 | 9 | |a Univerzita Jana Evangelisty Purkyně, Filozofická fakulta | |
| 942 | |2 udc | ||
| 952 | |0 0 |1 0 |4 0 |5 0 |6 3166KOMUNIKAČNÍ |7 0 |8 BOOK |9 190868 |a UTBZL |b UTBZL |c 006 |d 2026-04-24 |l 0 |o 316.6/KOMUNIKAČNÍ |p 420010202021 |r 2026-04-24 12:44:31 |v 250.00 |w 2026-04-24 |x N:nákup |y 04 | ||
| 992 | |a BK |b SK | ||
| 999 | |c 115535 |d 115535 | ||